[Event "20ème Open international de La Réunion"]
[Site "Salle des fêtes de Bellepierr"]
[Date "2018.10.15"]
[Round "2.2"]
[White "Denoyelle, Arnaud"]
[Black "Dijoux, Julien"]
[Result "1-0"]
[WhiteElo "2229"]
[BlackElo "1831"]
[PlyCount "157"]
[EventDate "2018.??.??"]

1. d4 d5 2. c4 e6 3. Nc3 Nf6 4. cxd5 exd5 5. Bg5 Be7 6. e3 c6 7. Bd3 O-O 8. h3
Re8 9. Nf3 Nbd7 10. O-O Nf8 11. Ne5 N6d7 12. Bf4 Nxe5 13. Bxe5 f6 14. Bg3 f5
15. Qc2 g6 16. Rad1 Bd6 17. Bxd6 Qxd6 18. Ne2 Bd7 19. b4 Ne6 20. Qd2 b6 21. Rb1
b5 22. f4 Nc7 23. Kf2 a5 24. bxa5 Qa3 25. Nc1 Qxa5 26. Qc2 Qa3 27. Rb3 Qe7 28.
Re1 Qh4+ 29. Kf1 Qg3 30. Qf2 Qxf2+ 31. Kxf2 Ra7 32. Bb1 Rea8 33. Nd3 Ne8 34.
Ne5 Nd6 35. g4 Ne4+ 36. Bxe4 fxe4 37. Re2 Be8 38. Rbb2 Kg7 39. Rec2 Ra6 40. Ke2
Rb6 41. Kd2 Ra3 42. g5 Kf8 43. Ng4 Bd7 44. Ne5 Be8 45. h4 Kg7 46. Rc3 Rba6 47.
Rxa3 Rxa3 48. Rc2 h5 49. gxh6+ Kxh6 50. Ng4+ Kg7 51. Kc1 Bd7 52. Kb2 b4 53. Ne5
Be8 54. Re2 Kf6 55. Ng4+ Kg7 56. Rg2 Kf7 57. Rg3 Rc3 58. Rg1 Ra3 59. Re1 Kg7
60. Rg1 Kf7 61. Rg3 Rc3 62. Nf2 Bd7 63. Nd1 Rd3 64. Kc1 Ra3 65. Rg2 b3 66. axb3
Rxb3 67. Rb2 Rxb2 68. Kxb2 Kg7 69. Kc3 Kf7 70. Kb4 Ke7 71. Kc5 Bg4 72. Nc3 Kd7
73. Na2 Kc7 74. Nb4 Bd7 75. Nc2 Bg4 76. Nb4 Bd7 77. Na6+ Kb7 78. Kd6 Be8 79.
Nc5+ 1-0

[Event "20ème Open international de La Réunion"]
[Site "Salle des fêtes de Bellepierr"]
[Date "2018.10.15"]
[Round "2.3"]
[White "Calmels, Nicolas"]
[Black "Gimenez Martinez, Alberto"]
[Result "0-1"]
[WhiteElo "1820"]
[BlackElo "2213"]
[PlyCount "56"]
[EventDate "2018.??.??"]

1. e4 c5 2. Nc3 d6 3. g3 Nc6 4. Bg2 g6 5. Nf3 Bg7 6. O-O Rb8 7. Rb1 b5 8. d3
Nf6 9. a3 a5 10. Bg5 O-O 11. Qd2 Re8 12. Nd5 Nxd5 13. exd5 Nd4 14. Nxd4 Bxd4
15. h4 b4 16. c3 Bh8 17. axb4 axb4 18. Kh2 Bf5 19. f3 c4 20. Rfe1 Bxd3 21. Ra1
bxc3 22. bxc3 Rb3 23. Qf4 Bxc3 24. Rxe7 Rxe7 25. Ra8 Qxa8 26. Bxe7 Be5 27. Qh6
Rb2 28. h5 Bg7 0-1

[Event "20ème Open international de La Réunion"]
[Site "Salle des fêtes de Bellepierr"]
[Date "2018.10.15"]
[Round "2.4"]
[White "Leveille, Francois"]
[Black "Ratsimikatry, Caryl Patrick"]
[Result "1-0"]
[WhiteElo "2202"]
[BlackElo "1782"]
[PlyCount "65"]
[EventDate "2018.??.??"]

1. Nf3 Nf6 2. c4 c5 3. Nc3 Nc6 4. g3 g6 5. d4 cxd4 6. Nxd4 Qb6 7. Nb3 Bg7 8.
Bg2 O-O 9. c5 Qd8 10. O-O b6 11. Bf4 Bb7 12. Rc1 a6 13. Qd2 Re8 14. Rfd1 Rc8
15. Na4 b5 16. Nb6 e5 17. Nxc8 Qxc8 18. Bg5 Nb8 19. Bxf6 Bxf6 20. Bxb7 Qxb7 21.
Na5 Qa8 22. Qd5 Nc6 23. Nxc6 dxc6 24. Qf3 Kg7 25. Rd6 Bg5 26. Rd7 Re7 27. Rcd1
e4 28. Qb3 a5 29. Rxe7 Bxe7 30. Qe3 Qa7 31. Qxe4 Bxc5 32. e3 Qc7 33. Rc1 1-0

[Event "20ème Open international de La Réunion"]
[Site "Salle des fêtes de Bellepierr"]
[Date "2018.10.15"]
[Round "2.5"]
[White "Larmet, Nino"]
[Black "Ranaivoharisoa, Alain"]
[Result "0-1"]
[WhiteElo "1786"]
[BlackElo "2196"]
[PlyCount "74"]
[EventDate "2018.??.??"]

1. d4 g6 2. Nf3 Bg7 3. Bf4 Nf6 4. Nc3 d5 5. e3 O-O 6. h3 c5 7. Be2 Ne4 8. O-O
Nc6 9. Bd3 Nxc3 10. bxc3 Qa5 11. Qd2 h6 12. Rfd1 g5 13. Bh2 c4 14. Be2 Bf5 15.
a4 Qd8 16. g4 Bg6 17. Ne5 Nxe5 18. Bxe5 f6 19. Bg3 Qd7 20. f4 f5 21. Bf3 fxg4
22. hxg4 Rac8 23. Qg2 e6 24. fxg5 hxg5 25. e4 Rcd8 26. Rdb1 dxe4 27. Bxe4 Bxd4+
28. cxd4 Qxd4+ 29. Bf2 Qxe4 30. Qxe4 Bxe4 31. Bxa7 Rd2 32. Re1 Rg2+ 33. Kh1
Rxg4+ 34. Kh2 Rf7 35. Re3 Rh7+ 36. Rh3 Rg2+ 37. Kh1 Rxh3# 0-1

[Event "20ème Open international de La Réunion"]
[Site "Salle des fêtes de Bellepierr"]
[Date "2018.10.15"]
[Round "2.6"]
[White "Andriandaza, Tombo Omar"]
[Black "Testud, Philippe"]
[Result "0-1"]
[WhiteElo "1742"]
[BlackElo "2158"]
[PlyCount "86"]
[EventDate "2018.??.??"]

1. e4 c6 2. d4 d5 3. exd5 cxd5 4. Bd3 Nc6 5. c3 Qc7 6. f4 Nf6 7. h3 g6 8. Qe2
Nxd4 9. Qf2 Nf5 10. Nd2 e5 11. Bb5+ Bd7 12. Bxd7+ Nxd7 13. Nb3 Be7 14. Ne2 a5
15. fxe5 Bh4 16. g3 Nxg3 17. Nxg3 Qxe5+ 18. Qe3 Bxg3+ 19. Ke2 O-O 20. Qxe5 Bxe5
21. Be3 Rfe8 22. Kf3 a4 23. Nc1 a3 24. Rb1 axb2 25. Rxb2 Bxc3 26. Rxb7 Ne5+ 27.
Kg3 Nc4 28. Bh6 Nd6 29. Rb3 Nf5+ 30. Kg2 d4 31. Bg5 h6 32. Bf4 g5 33. Bh2 Ne3+
34. Kf3 Ra6 35. Bb8 Rf6+ 36. Kg3 Nf5+ 37. Kh2 Nh4 38. Bg3 Nf5 39. Bb8 Ne3 40.
Nd3 Nf1+ 41. Kg1 Nd2 42. Rb7 Rf1+ 43. Kg2 Re2+ 0-1

[Event "20ème Open international de La Réunion"]
[Site "Salle des fêtes de Bellepierr"]
[Date "2018.10.15"]
[Round "2.7"]
[White "Quere, Alexandre"]
[Black "Rebut, Paul"]
[Result "1/2-1/2"]
[WhiteElo "2087"]
[BlackElo "1718"]
[PlyCount "90"]
[EventDate "2018.??.??"]

1. d4 Nf6 2. c4 g6 3. Nc3 Bg7 4. e4 d6 5. Nge2 O-O 6. Ng3 (6. g3 h5 7. h4 e5 8.
d5 a5 9. Bg2 Na6 10. Bg5 Kh7 11. Qd2 Nc5 12. f3 a4 13. Nb5 Bd7 14. O-O Bxb5 15.
cxb5 Qd7 16. Rfd1 Ng8 17. Rac1 Bh6 18. Rc3 Bxg5 19. hxg5 Qe7 20. Rdc1 h4 21.
gxh4 f5 22. gxf6 Nxf6 23. b4 axb3 24. axb3 Rfc8 25. Qg5 Nxd5 26. Qxe7+ Nxe7 27.
b4 Ne6 28. f4 Nxf4) 6... h5 7. h4 e5 8. d5 a5 9. Be2 Na6 10. Bg5 Kh7 11. Qd2
Nc5 12. f3 a4 13. Nb5 Bd7 14. O-O Bxb5 15. cxb5 Qd7 16. Rfd1 Ng8 17. Rac1 Bh6
18. Rc3 Bxg5 19. hxg5 Qe7 20. Rdc1 h4 21. Nh1 f5 22. gxf6 Nxf6 23. b4 axb3 24.
axb3 Rfc8 25. Qg5 Nxd5 26. Qxe7+ Nxe7 27. b4 Ne6 28. f4 Nxf4 29. Bg4 Kh6 30.
Rxc7 Rxc7 31. Rxc7 Ra1+ 32. Kh2 Ra2 33. Bh3 g5 34. Rxe7 g4 35. Ng3 hxg3+ 36.
Kxg3 gxh3 37. gxh3 Ra3+ 38. Kg4 Rxh3 39. Rxb7 Rb3 40. Rd7 Rxb4 41. Rxd6+ Kg7
42. b6 Kf7 43. Kf5 Ke7 44. Rh6 Kd7 45. Kxe5 Nd3+ 1/2-1/2

[Event "20ème Open international de La Réunion"]
[Site "Salle des fêtes de Bellepierr"]
[Date "2018.10.15"]
[Round "2.8"]
[White "Desire, Michael"]
[Black "Ramasindraibe, Girard"]
[Result "0-1"]
[WhiteElo "1702"]
[BlackElo "2073"]
[PlyCount "60"]
[EventDate "2018.??.??"]

1. d3 d5 2. Nd2 e5 3. g3 Be6 4. Bg2 Nc6 5. e3 Qd7 6. Ne2 h5 7. h3 O-O-O 8. Nb3
h4 9. g4 f5 10. gxf5 Bxf5 11. Bd2 Nf6 12. d4 Ne4 13. dxe5 Nxe5 14. Ned4 Rh6 15.
Qe2 Rg6 16. Bf1 c5 17. Nf3 Nxf3+ 18. Qxf3 Ng5 19. Qh5 Be4 20. Be2 Kb8 21. O-O-O
Be7 22. Rhg1 Rh6 23. Qg4 Nxh3 24. Qxd7 Rxd7 25. Rxg7 Nxf2 26. Rf1 h3 27. Rxf2
h2 28. Rxh2 Rxh2 29. Kd1 Rh1+ 30. Bf1 Rxf1+ 0-1

[Event "20ème Open international de La Réunion"]
[Site "Salle des fêtes de Bellepierr"]
[Date "2018.10.15"]
[Round "2.9"]
[White "Roblet, Charles"]
[Black "Bah, Ismael"]
[Result "1-0"]
[WhiteElo "2052"]
[BlackElo "1687"]
[PlyCount "31"]
[EventDate "2018.??.??"]

1. e4 b6 2. d4 Bb7 3. Nc3 e6 4. Nf3 Bb4 5. Bd3 Nf6 6. Qe2 d5 7. exd5 Bxc3+ 8.
bxc3 Nxd5 9. Bd2 O-O 10. Qe4 f5 11. Qxe6+ Kh8 12. Ne5 Qe7 13. Qxe7 Nxe7 14. O-O
Ng6 15. Rae1 h6 16. Nxg6+ 1-0

[Event "20ème Open international de La Réunion"]
[Site "Salle des fêtes de Bellepierr"]
[Date "2018.10.15"]
[Round "2.10"]
[White "Etheve, Lionel"]
[Black "Mezouaghi, Miloud"]
[Result "0-1"]
[WhiteElo "1682"]
[BlackElo "2022"]
[PlyCount "86"]
[EventDate "2018.??.??"]

1. Nf3 Nf6 2. c4 g6 3. e3 Bg7 4. Be2 O-O 5. O-O d6 6. d4 Nbd7 7. b3 e5 8. dxe5
Ng4 9. Bb2 Ngxe5 10. Qc2 Nxf3+ 11. Bxf3 Ne5 12. Nd2 a5 13. Be2 a4 14. Nf3 Bf5
15. Qd2 Be4 16. Nxe5 Bxe5 17. Bxe5 dxe5 18. Qc3 Qg5 19. f3 Bc6 20. e4 Rfd8 21.
Rfd1 axb3 22. axb3 Rxa1 23. Rxa1 Qd2 24. Qxd2 Rxd2 25. Kf1 Kf8 26. Rd1 Rb2 27.
Rd3 Ke7 28. Kf2 f5 29. exf5 gxf5 30. g3 e4 31. fxe4 fxe4 32. Rc3 Kd6 33. Ke3
Kc5 34. Rc1 Rxb3+ 35. Kf4 Rb2 36. Ke3 Rb3+ 37. Kf4 Kd4 38. h4 Ba4 39. Rd1+ Rd3
40. Bxd3 exd3 41. Rd2 Kxc4 42. g4 Kd4 43. h5 Be8 0-1

[Event "20ème Open international de La Réunion"]
[Site "Salle des fêtes de Bellepierr"]
[Date "2018.10.15"]
[Round "2.11"]
[White "Triton, Maxime"]
[Black "Frelicot, Eric"]
[Result "1-0"]
[WhiteElo "1941"]
[BlackElo "1666"]
[PlyCount "85"]
[EventDate "2018.??.??"]

1. e4 c5 2. Nf3 d6 3. d4 cxd4 4. Nxd4 Nc6 5. Nc3 e5 6. Nb3 a6 7. Be2 Nf6 8. Bg5
Be6 9. Qd2 Be7 10. O-O-O O-O 11. h4 b5 12. Bxf6 Bxf6 13. g4 Nd4 14. Nxd4 exd4
15. Nd5 Bxd5 16. exd5 g6 17. f4 b4 18. g5 Bg7 19. f5 Be5 20. h5 Qa5 21. Bc4
Rac8 22. Qd3 gxf5 23. Bb3 Qc7 24. Qxf5 a5 25. Rdg1 d3 26. Qxd3 Qc5 27. Rg4 a4
28. Bxa4 Qa5 29. Bb3 Rc3 30. bxc3 Bxc3 31. Re4 Qa3+ 32. Kd1 Qb2 33. Ke2 Be5 34.
Rf1 Rc8 35. Qf3 f6 36. gxf6 Rxc2+ 37. Bxc2 Qxc2+ 38. Ke3 Qc5+ 39. Kd2 Qxd5+ 40.
Qd3 Qxa2+ 41. Ke3 Qa7+ 42. Kf3 Qf7 43. Qc4 1-0

[Event "20ème Open international de La Réunion"]
[Site "Salle des fêtes de Bellepierr"]
[Date "2018.10.15"]
[Round "2.12"]
[White "Rajaobelina, Hery"]
[Black "Klein, Gernot"]
[Result "0-1"]
[WhiteElo "1646"]
[BlackElo "1904"]
[PlyCount "67"]
[EventDate "2018.??.??"]

1. e4 c5 2. Nf3 e6 3. d4 cxd4 4. Nxd4 a6 5. a3 Nf6 6. Nc3 Qc7 7. Be2 Be7 8. O-O
O-O 9. Kh1 b6 10. f4 d6 11. Bf3 Bb7 12. e5 Ne8 13. Bxb7 Qxb7 14. exd6 Nxd6 15.
Qe1 Re8 16. Qg3 Nd7 17. b3 Bf6 18. Be3 Rac8 19. Nce2 Nc5 20. Rad1 Nde4 21. Qf3
Nc3 22. Qxb7 Nxb7 23. Nxc3 Rxc3 24. Bg1 b5 25. Rd2 Rec8 26. Rfd1 Bxd4 27. Rxd4
Rxc2 28. Rd7 R2c7 29. R7d3 h6 30. b4 Rc6 31. Rd7 R6c7 32. R7d3 Rc4 33. Rd7 R8c7
34. R7d3 {IMPOSSIBLE DE DECHIFFRER} 0-1

[Event "20ème Open international de La Réunion"]
[Site "Salle des fêtes de Bellepierr"]
[Date "2018.10.15"]
[Round "2.13"]
[White "Lorans, Sylvain"]
[Black "Duprey, Francois-Xavier"]
[Result "1-0"]
[WhiteElo "2177"]
[BlackElo "1589"]
[PlyCount "51"]
[EventDate "2018.??.??"]

1. d4 Nf6 2. Bg5 d5 3. Bxf6 exf6 4. e3 Bd6 5. c4 dxc4 6. Bxc4 O-O 7. Ne2 Nc6 8.
Nbc3 a6 9. O-O b5 10. Bd5 Bb7 11. Bf3 Rb8 12. Rc1 f5 13. Nxb5 axb5 14. Bxc6
Bxc6 15. Rxc6 Re8 16. g3 Qg5 17. h4 Qd8 18. Qd3 Qd7 19. Rcc1 f6 20. Qb3+ Kh8
21. Qd5 Re7 22. Nc3 Qe8 23. Kg2 Rxe3 24. fxe3 Bxg3 25. Qf3 Bxh4 26. Ne2 1-0

[Event "20ème Open international de La Réunion"]
[Site "Salle des fêtes de Bellepierr"]
[Date "2018.10.15"]
[Round "2.14"]
[White "Rajaonson, Andriamahenina"]
[Black "Le Maguet, Loan"]
[Result "1/2-1/2"]
[WhiteElo "1822"]
[BlackElo "1420"]
[PlyCount "102"]
[EventDate "2018.??.??"]

1. f4 d5 2. Nf3 c5 3. g3 Nc6 4. Bg2 Nf6 5. O-O Bf5 6. d3 e6 7. b3 Be7 8. a4 O-O
9. Nh4 Re8 10. Nd2 Ng4 11. Ndf3 Bf6 12. Rb1 Nd4 13. h3 Nh6 14. e3 Nc6 15. Qe1
Bg6 16. Nxg6 hxg6 17. g4 Be7 18. Bb2 Bf6 19. Ba3 Be7 20. g5 Nf5 21. e4 Nfd4 22.
Qf2 a6 23. Ne1 b5 24. axb5 axb5 25. Bc1 Ra2 26. Rb2 Rxb2 27. Bxb2 Qd7 28. Nf3
Rc8 29. Ra1 Nb4 30. Ne1 Nbc6 31. Qd2 c4 32. dxc4 bxc4 33. bxc4 Qb7 34. Bxd4
Nxd4 35. exd5 Qb2 36. Qd1 Ne2+ 37. Qxe2 Qxa1 38. dxe6 Qd4+ 39. Kh1 f6 40. gxf6
gxf6 41. f5 Qxc4 42. Qd1 Qc3 43. Nf3 Qxc2 44. Qd7 Qc1+ 45. Ng1 Qc7 46. Bd5 Kg7
47. fxg6 Qxd7 48. exd7 Rc2 49. Bf7 Rd2 50. Be8 Rd1 51. Kg2 Rxd7 1/2-1/2

[Event "20ème Open international de La Réunion"]
[Site "Salle des fêtes de Bellepierr"]
[Date "2018.10.15"]
[Round "2.15"]
[White "Evrin, Selvam"]
[Black "Eric Andriana, Fitia"]
[Result "1-0"]
[WhiteElo "1518"]
[BlackElo "1186"]
[PlyCount "61"]
[EventDate "2018.??.??"]

1. e4 e5 2. Nf3 Nc6 3. Bc4 Bc5 4. c3 Nf6 5. d3 h6 6. O-O d6 7. a4 a6 8. b4 Ba7
9. Re1 Bg4 10. Nbd2 O-O 11. Nf1 d5 12. exd5 Nxd5 13. b5 axb5 14. axb5 Nce7 15.
Ba3 Nxc3 16. Qb3 Bxf3 17. gxf3 Bd4 18. Rac1 Na4 19. f4 Qd7 20. Ng3 h5 21. fxe5
h4 22. e6 Bxf2+ 23. Kxf2 hxg3+ 24. hxg3 Qd4+ 25. Kg2 Nc5 26. exf7+ Kh7 27. Bxc5
Qxc5 28. d4 Qd6 29. Re6 Qxd4 30. Rh1+ Qh4 31. Rxh4# 1-0

[Event "20ème Open international de La Réunion"]
[Site "Salle des fêtes de Bellepierr"]
[Date "2018.10.15"]
[Round "2.16"]
[White "Ova, Roberto"]
[Black "Fondrat, Johan"]
[Result "0-1"]
[WhiteElo "1212"]
[BlackElo "1499"]
[PlyCount "56"]
[EventDate "2018.??.??"]

1. c4 e5 2. Nc3 Nf6 3. g3 c6 4. Nf3 e4 5. Ng5 d5 6. cxd5 cxd5 7. Qb3 h6 8. Nh3
b6 9. Bg2 Be6 10. Nf4 Qd7 11. Nxe6 fxe6 12. Qb5 Nc6 13. O-O Bc5 14. e3 a6 15.
Qe2 Bd6 16. a3 Ne5 17. f3 exf3 18. Bxf3 Nxf3+ 19. Qxf3 O-O 20. Qe2 Nh7 21.
Rxf8+ Rxf8 22. Qxa6 Qf7 23. Qe2 Ng5 24. Kg2 Nf3 25. d4 Qh5 26. h3 Nh4+ 27. gxh4
Qxh4 28. Qg4 Qf2+ 0-1

[Event "20ème Open international de La Réunion"]
[Site "Salle des fêtes de Bellepierr"]
[Date "2018.10.15"]
[Round "2.17"]
[White "Mablouke, Ulrich"]
[Black "Fautrel, Pierrick"]
[Result "0-1"]
[WhiteElo "1460"]
[BlackElo "1176"]
[PlyCount "42"]
[EventDate "2018.??.??"]

1. e4 e5 2. Nf3 Nc6 3. Bc4 Bc5 4. b4 Bxb4 5. c3 Be7 6. d4 Na5 7. Bd3 c6 8. dxe5
d5 9. exd5 Qxd5 10. h3 Nc4 11. Qe2 Be6 12. O-O Nh6 13. Rd1 O-O-O 14. Bc2 Qc5
15. a4 Rhg8 16. Na3 Rxd1+ 17. Qxd1 Nxe5 18. Nxe5 Qxe5 19. Qf1 Qxc3 20. Qd3 Qxa1
21. Qf1 Bxa3 0-1

[Event "20ème Open international de La Réunion"]
[Site "Salle des fêtes de Bellepierr"]
[Date "2018.10.15"]
[Round "2.18"]
[White "Hoareau-Fontaine, Clement"]
[Black "Pun Chung, Leo"]
[Result "0-1"]
[WhiteElo "1130"]
[BlackElo "1458"]
[PlyCount "58"]
[EventDate "2018.??.??"]

1. e4 c5 2. Nf3 d6 3. d4 cxd4 4. Nxd4 Nf6 5. Nc3 a6 6. Bg5 e6 7. f4 Be7 8. Bd3
b5 9. a4 b4 10. Nce2 Bb7 11. f5 e5 12. Nf3 Nxe4 13. Bxe4 Bxe4 14. Qd2 Bxf3 15.
gxf3 Bxg5 16. Qxb4 Nc6 17. Qg4 Rb8 18. h4 Bf6 19. Rb1 Nb4 20. c3 Nd3+ 21. Kf1
Qb6 22. Rh2 O-O 23. Rg2 Qe3 24. Ng3 Nf4 25. Rg1 Qd3+ 26. Kf2 Qd2+ 27. Kf1 Rxb2
28. Rxb2 Qxb2 29. Ne4 Qe2# 0-1

[Event "20ème Open international de La Réunion"]
[Site "Salle des fêtes de Bellepierr"]
[Date "2018.10.15"]
[Round "2.19"]
[White "Laoussing, Mathis"]
[Black "Alfonsi, Romain"]
[Result "1-0"]
[WhiteElo "1421"]
[BlackElo "1173"]
[PlyCount "103"]
[EventDate "2018.??.??"]

1. e4 e5 2. Nf3 Nc6 3. d4 exd4 4. Nxd4 Nf6 5. Nxc6 bxc6 6. Bg5 h6 7. Bxf6 Qxf6
8. Nc3 Bb4 9. Qd2 O-O 10. Bd3 Re8 11. O-O d5 12. exd5 cxd5 13. a3 Bxc3 14. Qxc3
Qxc3 15. bxc3 Rb8 16. Rab1 Be6 17. Rb4 c5 18. Ra4 c4 19. Be2 Rb7 20. Bf3 Ra8
21. h3 a5 22. Rd1 Rd7 23. Rxc4 dxc4 24. Rxd7 Bxd7 25. Bxa8 Kf8 26. Kf1 Ke7 27.
Ke2 Kd6 28. Ke3 Ke5 29. f4+ Kf5 30. Be4+ Kf6 31. Kd4 Bb5 32. Bd5 Ba6 33. Be4
Bb5 34. Kc5 Bd7 35. Kxc4 a4 36. Kc5 Ke7 37. Bc6 Bc8 38. Bxa4 Bb7 39. Bc6 Ba6
40. c4 Kd8 41. Bd5 f6 42. Kb6 Bc8 43. c5 Bf5 44. c3 Kc8 45. c6 Kb8 46. c7+ Kc8
47. Bb7+ Kd7 48. c8=Q+ Ke7 49. Qxf5 Kf7 50. Bd5+ Ke7 51. Qe6+ Kf8 52. Qf7# 1-0

[Event "20ème Open international de La Réunion"]
[Site "Salle des fêtes de Bellepierr"]
[Date "2018.10.15"]
[Round "2.20"]
[White "Parame, Bruno"]
[Black "Bosi-Lagarde, Arthur"]
[Result "0-1"]
[WhiteElo "1399"]
[BlackElo "1110"]
[PlyCount "92"]
[EventDate "2018.??.??"]

1. d4 d5 2. g3 Nf6 3. Nc3 Nc6 4. Nf3 e6 5. Bg2 Bb4 6. Bd2 Ne4 7. Nxe4 dxe4 8.
Bxb4 exf3 9. Bxf3 Nxb4 10. e4 O-O 11. e5 Nd5 12. O-O b5 13. b4 Bb7 14. a3 Nc3
15. Qd3 Bxf3 16. Qxf3 Nd5 17. a4 Nxb4 18. c3 Nd5 19. axb5 Qd7 20. c4 Ne7 21.
Rfd1 Rfd8 22. Rab1 Rab8 23. g4 c6 24. Qf4 cxb5 25. c5 Nd5 26. Qg3 Qc6 27. Rd3
f6 28. Qh4 Nf4 29. Rg3 Ne2+ 30. Kf1 Nxg3+ 31. Qxg3 Qh1+ 32. Ke2 Qxb1 33. Qf4
fxe5 34. Qxe5 Qb2+ 35. Kf3 Qb3+ 36. Kg2 Re8 37. c6 Qc4 38. c7 Qc6+ 39. Kh3 Rbc8
40. f4 Rxc7 41. g5 Qc3+ 42. Kg4 h5+ 43. Kxh5 Qh3+ 44. Kg6 Qf5+ 45. Kh5 Qh3+ 46.
Kg6 Qh7# 0-1

[Event "20ème Open international de La Réunion"]
[Site "Salle des fêtes de Bellepierr"]
[Date "2018.10.15"]
[Round "2.21"]
[White "Fautrel, Sebastien"]
[Black "Muller, Sebastien"]
[Result "0-1"]
[WhiteElo "1110"]
[BlackElo "1397"]
[PlyCount "106"]
[EventDate "2018.??.??"]

1. c4 c5 2. g3 g6 3. Bg2 Bg7 4. Nf3 Nc6 5. Nc3 a6 6. O-O d6 7. d3 Nf6 8. Ng5
O-O 9. e4 Nd4 10. Be3 Ng4 11. Bxd4 cxd4 12. Nd5 e5 13. Nf3 b5 14. b3 f5 15.
exf5 Bxf5 16. Ng5 Qxg5 17. h3 Nf6 18. Nxf6+ Qxf6 19. g4 Be6 20. Bxa8 Rxa8 21.
f3 Qh4 22. Kh2 Bh6 23. Qe1 Bf4+ 24. Kg2 Qg5 25. h4 Qe7 26. Rh1 h5 27. Qe4 Qe8
28. gxh5 Bf5 29. Qd5+ Be6 30. Qe4 gxh5 31. Kf2 Ra7 32. Rhg1+ Kf8 33. Rg6 Rf7
34. Rag1 Be3+ 35. Kf1 Bxg1 36. Kxg1 Bf5 37. Qd5 Bxg6 38. Qxd6+ Re7 39. Qf6+ Qf7
40. Qh8+ Qg8 41. Qf6+ Bf7+ 42. Kf2 Re6 43. Qd8+ Kg7 44. Qg5+ Bg6 45. cxb5 axb5
46. f4 Qf7 47. Kg3 exf4+ 48. Kf3 Re3+ 49. Kf2 f3 50. Qxb5 Re2+ 51. Kg3 f2 52.
Qc5 f1=N+ 53. Kh3 Qf3# 0-1

[Event "20ème Open international de La Réunion"]
[Site "Salle des fêtes de Bellepierr"]
[Date "2018.10.15"]
[Round "2.22"]
[White "Assie, Joel"]
[Black "Mohamed, Keziah"]
[Result "1-0"]
[WhiteElo "1381"]
[BlackElo "1070"]
[PlyCount "53"]
[EventDate "2018.??.??"]

1. d4 d5 2. Nf3 g6 3. Bf4 Bg7 4. e3 a6 5. Nbd2 Nc6 6. c3 b5 7. Be2 Nf6 8. h3
Ne4 9. Nxe4 dxe4 10. Nd2 e5 11. dxe5 Nxe5 12. Nxe4 Qxd1+ 13. Rxd1 O-O 14. O-O
Bb7 15. f3 Rad8 16. Nc5 Bc8 17. e4 Rfe8 18. Rxd8 Rxd8 19. Rd1 Rd6 20. Rd5 Rxd5
21. exd5 Nc4 22. Bxc4 bxc4 23. Bxc7 Kf8 24. Kf2 Ke7 25. Ke3 Kf6 26. d6 Ke5 27.
d7+ 1-0

[Event "20ème Open international de La Réunion"]
[Site "Salle des fêtes de Bellepierr"]
[Date "2018.10.15"]
[Round "2.23"]
[White "Alex-Geerjanan, Nils"]
[Black "Vaast, Jean"]
[Result "1/2-1/2"]
[WhiteElo "1015"]
[BlackElo "1377"]
[PlyCount "88"]
[EventDate "2018.??.??"]

1. e4 e6 2. Nf3 c6 3. d4 d5 4. exd5 cxd5 5. Bd3 Nf6 6. Bg5 Be7 7. O-O O-O 8.
Re1 Nc6 9. Nbd2 Qb6 10. c3 Qxb2 11. Qc2 Qxc2 12. Bxc2 Re8 13. Nf1 h6 14. Bh4
Bd7 15. Ng3 b5 16. Ne5 Rac8 17. Rec1 Nxe5 18. dxe5 Nh7 19. Bxh7+ Kxh7 20. Bxe7
Rxe7 21. h3 g6 22. Ne2 Rc4 23. Nd4 Be8 24. Rab1 a6 25. Rb4 Rec7 26. Rxc4 Rxc4
27. Nb3 b4 28. cxb4 Rxc1+ 29. Nxc1 Bb5 30. Nb3 Kg8 31. Nc5 Kf8 32. a4 Be2 33.
a5 Bb5 34. Nb3 Ke8 35. Nd4 Kd8 36. Nxb5 axb5 37. Kf1 Kc7 38. Ke2 Kc6 39. Kd3 h5
40. Kd4 g5 41. g3 g4 42. h4 Kb7 43. Kc5 Ka6 44. Kd4 Kb7 1/2-1/2

[Event "20ème Open international de La Réunion"]
[Site "Salle des fêtes de Bellepierr"]
[Date "2018.10.15"]
[Round "2.24"]
[White "Padre, Maxime"]
[Black "Sandjivy, Yann"]
[Result "1-0"]
[WhiteElo "1353"]
[BlackElo "1010"]
[PlyCount "39"]
[EventDate "2018.??.??"]

1. Nf3 Nc6 2. d4 Nf6 3. c4 e6 4. Nc3 Bb4 5. Bd2 Bxc3 6. Bxc3 Ne4 7. e3 Nxc3 8.
bxc3 O-O 9. Be2 f5 10. O-O b6 11. d5 exd5 12. cxd5 Ne7 13. Bc4 b5 14. d6+ bxc4
15. dxe7 Qxe7 16. Qd5+ Kh8 17. Qxa8 Qe4 18. Qxe4 fxe4 19. Nd4 c5 20. Ne2 1-0

[Event "20ème Open international de La Réunion"]
[Site "Salle des fêtes de Bellepierr"]
[Date "2018.10.15"]
[Round "2.25"]
[White "Cavillot-Delestage, Raphael"]
[Black "Leost, Joel"]
[Result "0-1"]
[WhiteElo "1009"]
[BlackElo "1350"]
[PlyCount "40"]
[EventDate "2018.??.??"]

1. e4 c5 2. c3 Nc6 3. d4 cxd4 4. cxd4 e6 5. Nf3 d6 6. Bf4 Nf6 7. Bc4 Na5 8. Bd3
Be7 9. O-O O-O 10. Re1 Ne8 11. b4 Nc6 12. b5 Nxd4 13. Nxd4 e5 14. Bxe5 dxe5 15.
Nf3 Bg4 16. Be2 Bxf3 17. Bxf3 Nf6 18. Qc2 Bb4 19. Rc1 Qa5 {
IMPOSSIBLE A DECHIFFRER} 20. Qb3 Nxe4 0-1

[Event "20ème Open international de La Réunion"]
[Site "Salle des fêtes de Bellepierr"]
[Date "2018.10.15"]
[Round "2.26"]
[White "Sandjivy, Jean Marc"]
[Black "Erudel, Irina"]
[Result "1-0"]
[WhiteElo "1271"]
[BlackElo "1009"]
[PlyCount "37"]
[EventDate "2018.??.??"]

1. c4 Nc6 2. Nc3 Nf6 3. Nf3 e5 4. d4 Bb4 5. Bd2 exd4 6. Nd5 O-O 7. Bxb4 Nxb4 8.
Nxb4 Ng4 9. Qxd4 b6 10. Qxg4 Bb7 11. e3 Bc6 12. Rd1 Ba4 13. b3 Bc6 14. Nxc6 Qc8
15. Ne7+ Kh8 16. Nxc8 Rfxc8 17. Rxd7 Rab8 18. Rxf7 Rd8 19. Qxg7# 1-0

[Event "20ème Open international de La Réunion"]
[Site "Salle des fêtes de Bellepierr"]
[Date "2018.10.15"]
[Round "2.27"]
[White "Erudel, Maeva"]
[Black "Hermanns, Luis"]
[Result "0-1"]
[WhiteElo "1009"]
[BlackElo "1253"]
[PlyCount "68"]
[EventDate "2018.??.??"]

1. e4 e6 2. Nf3 d5 3. e5 g6 4. b3 Bg7 5. Bb2 Ne7 6. d4 O-O 7. Nc3 b6 8. Ne2 Ba6
9. g4 c5 10. Bg2 Qd7 11. O-O Nbc6 12. Re1 Qc7 13. Nf4 cxd4 14. Nxd4 Bxe5 15.
Nd3 Bxd4 16. Bxd4 Nxd4 17. Ne5 Ndc6 18. Nxc6 Qxc6 19. Rc1 f5 20. gxf5 Rxf5 21.
Re3 Raf8 22. Bh3 Rxf2 23. Bxe6+ Kg7 24. Qe1 Rf1+ 25. Kg2 Rxe1 26. Rcxe1 Qxc2+
27. Kh3 Nf5 28. Bxf5 Qxf5+ 29. Kg2 Qf2+ 30. Kh1 d4 31. Re7+ Rf7 32. Rxf7+ Kxf7
33. a4 Bb7+ 34. Re4 Qf1# 0-1

[Event "20ème Open international de La Réunion"]
[Site "Salle des fêtes de Bellepierr"]
[Date "2018.10.15"]
[Round "3.6"]
[White "Klein, Gernot"]
[Black "Quere, Alexandre"]
[Result "1/2-1/2"]
[WhiteElo "1904"]
[BlackElo "2087"]
[PlyCount "50"]
[EventDate "2018.??.??"]

1. e4 Nf6 2. e5 Nd5 3. d4 Nb6 4. Nf3 d5 5. Bd3 Bg4 6. h3 Bxf3 7. Qxf3 e6 8. O-O
c5 9. c3 Nc6 10. Be3 Nd7 11. Qg4 Qb6 12. b3 cxd4 13. cxd4 Nb4 14. Qe2 Nxd3 15.
Qxd3 Rc8 16. Nc3 f6 17. exf6 Nxf6 18. Na4 Qa5 19. Rac1 Rxc1 20. Rxc1 Bd6 21.
Rc8+ Ke7 22. Bd2 Rxc8 23. Qxh7 Ke8 24. Qg6+ Ke7 25. Qxg7+ Ke8 1/2-1/2